000 00349nam a22001337a 4500
999 _c8964
_d8964
003 OSt
008 200714b ||||| |||| 00| 0 eng d
100 _aRomanes , G.J
245 _aManual of Practical Anatomy Thorax and Abdomen Vol-2
250 _a2004
260 _aNY
_bOxford Uni. Press
650 _aHuman Anatomy and Physiology
942 _2ddc
_cBK